00947nam a22002177a 4500003000900000008004100009020001800050040007100068082002400139100004100163245005900204260004400263300002500307440002400332505022400356650002400580650002700604700002800631700002700659700004300686AR-CdUCM190402b ||||| |||| 00| 0 spa d a9972-745-39-2 aMUNICIPALIDAD PROVINCIAL DEL CUSCOcBIBLIOTECA MUNICIPAL DEL CUSCO aES / 373.300 /bP84 aPrado Vargas Machuca, María Inés aProtagonistas 4 :bCiencias sociales para secundaria / aPerú :bGrupo editorial Norma,c1999. a295 paginas c28 cm. aSerie protagonistas aContenido :El desarrollo humano -- Las oligarquías en América Latina -- Una crisis capitalista: la gran depresión de 1929 -- Crisis económica y distensión política -- Los estados nacionales en cuestión ... aHistoria del Perú aEducación secundaria aVilla Esteves, Deolinda aOlano de Cieza, Pamela aHaya de la Torre de la Rosa, Agustín